| 000 | 00856nam a22002297a 4500 | ||
|---|---|---|---|
| 001 | 65625 | ||
| 003 | BD-RjUL | ||
| 005 | 20211209081439.0 | ||
| 008 | 170308s1965 bg a|||| |||| 00| 0 ben d | ||
| 020 | _c: TK. 8.00 | ||
| 035 | _a(BD-RjUL)65755 | ||
| 040 |
_aBD-RjUL _bben _cBD-RjUL _dBD-RjUL |
||
| 041 | _aben | ||
| 082 |
_223 _a344.099 _bALK 1965 |
||
| 100 |
_aআলীম, কাজী আবদুল _9170488 |
||
| 245 |
_aখেলা ধুলার আইন-কানুন = (The Rules of Sports & Games) / _cকাজী আবদুল আলীম |
||
| 260 |
_aঢাকা : _bস্পোর্টস পাবলিকেশান্স, _c১৯৬৫. |
||
| 300 |
_a৫০৭ পৃ. : _bচিত্র ; _c২৩ সেমি. |
||
| 650 |
_aক্রিড়া আইন _9194121 |
||
| 650 |
_aSports law _9194122 |
||
| 942 |
_2ddc _cBK |
||
| 999 |
_c65625 _d65625 |
||